Szeged
Elmentve itt :
| Szerzők: | |
|---|---|
| Dokumentumtípus: | Könyv része |
| Megjelent: |
Ludovika Press
Budapest
2021
|
| Sorozat: | Studia Regionum
Nagyvárosok Magyarországon |
| Tárgyszavak: | |
| mtmt: | 32049985 |
| Online Access: | http://publicatio.bibl.u-szeged.hu/34279 |
| LEADER | 00735naa a2200229 i 4500 | ||
|---|---|---|---|
| 001 | publ34279 | ||
| 005 | 20240723112100.0 | ||
| 008 | 240723s2021 hu o 000 hun d | ||
| 020 | |a 9789635313433; 9789635313426; 9789635313440 | ||
| 024 | 7 | |a 32049985 |2 mtmt | |
| 040 | |a SZTE Publicatio Repozitórium |b hun | ||
| 041 | |a hun | ||
| 100 | 1 | |a Vida György | |
| 245 | 1 | 0 | |a Szeged |h [elektronikus dokumentum] / |c Vida György |
| 260 | |a Ludovika Press |b Budapest |c 2021 | ||
| 300 | |a 13 | ||
| 300 | |a 219-231 | ||
| 490 | 0 | |a Studia Regionum | |
| 490 | 0 | |a Nagyvárosok Magyarországon | |
| 650 | 4 | |a Társadalom- és gazdaságföldrajz | |
| 700 | 0 | 1 | |a Lengyel Imre |e aut |
| 856 | 4 | 0 | |u http://publicatio.bibl.u-szeged.hu/34279/7/32049985.pdf |z Dokumentum-elérés |